| 000 | 00710cam a22002533a 4500 | ||
|---|---|---|---|
| 001 | 11418 | ||
| 003 | PGUSA | ||
| 005 | 20140828083236.0 | ||
| 008 | 040301s2004||||xxu|||||s|||||000 1 eng d | ||
| 040 |
_aPGUSA _beng |
||
| 042 | _adc | ||
| 050 | 4 | _aPS | |
| 100 | 1 |
_aLynde, Francis, _d1856-1930 |
|
| 245 | 1 | 4 |
_aThe Grafters _h[electronic resource] / _cFrancis Lynde |
| 260 |
_bProject Gutenberg, _c2004 |
||
| 506 | _aPublic domain in the USA. | ||
| 516 | _aElectronic text | ||
| 653 | _aRailroads -- Fiction | ||
| 653 | _aLove stories | ||
| 653 | _aPolitical corruption -- West (U.S.) -- Fiction | ||
| 830 | 0 |
_aProject Gutenberg _v11418 |
|
| 856 | 4 | 0 | _uhttp://www.gutenberg.org/ebooks/11418 |
| 942 | _cEB | ||
| 999 |
_c240673 _d240673 |
||